Character education in america's blue ribbon schools: best practices for meeting the challenge
Na minha lista:
| Autor principal: | |
|---|---|
| Formato: | Livro |
| Idioma: | inglês |
| Publicado em: |
Lancaster
Technomic Publishing
1998
|
| Assuntos: | |
| Tags: |
Adicionar Tag
Sem tags, seja o primeiro a adicionar uma tag!
|
MARC
| LEADER | 00000nam a2200000 a 4500 | ||
|---|---|---|---|
| 001 | UCP5081 | ||
| 003 | CL-VaPUC | ||
| 008 | 990827e19980000US |||||||||||||||||eng|d | ||
| 082 | 0 | 4 | |a 370.1 |b MUR |2 21 |
| 100 | |a Murphy, Maddonna M. |e author |9 433209 | ||
| 245 | 1 | 0 | |a Character education in america's blue ribbon schools: best practices for meeting the challenge |
| 300 | |a 253 p | ||
| 942 | |c BK | ||
| 945 | |d 19990827 00:00:00 |a vberengu | ||
| 260 | |a Lancaster |b Technomic Publishing |c 1998 | ||
| 650 | 0 | |a Filosofía de la educación |9 258384 | |
| 650 | 0 | |a Ética |9 255099 | |
| 650 | 0 | |a Valores sociales |9 309627 | |
| 650 | 0 | |a Psicología del aprendizaje |9 306854 | |
| 650 | 0 | |a Disciplina escolar |9 271077 | |
| 583 | |a last modification |c 19990827 00:00:00 |k Rodrigo Vera | ||
| 999 | |c 282906 |d 282904 | ||